000 00407nam a2200169Ia 4500
008 100423t2007 xxu||||| |||| 00| 0 sin d
041 _asin
080 _aX8S31
_bSEN
100 _aSenadeera, Sugeeswara P.
245 _aඅසමසම
246 _aAsama Sama
260 _bGodage
_aColombo
_c2007
300 _a127p., 21 cm
942 _cBK
999 _c72753
_d72753
003 LK-CoDNM
040 _aLK-CoDNM
_dLK-CoDNM
_eLK-CoDNM